00430 2200181 4500001002100000005001500021008004100036020002200077035001900099041000700118082000800125090001400133100002100147245001500168260003600183300001800219650001100237INLIS00000000000283720241224112618241224||||||||| | ||| |||| || |  a978-979-22-8394-5 0010-1224002837 aid0 a813 a813 CON t0 aMichael Connelly00aTaman Echo aJakartabGramedia Pustaka Utama a496 hlm;20 cm 0aSastra